000 00615nam a2200181 a 4500
001 1559
005 20140414131956.0
008 010330s19uu xx 00 eng d
020 _a0-205-17272-5
050 _aTR 615.8516
_bG74 1997
100 _aGrindler, Martha C.
245 _aThe right book, the right time :
_bhelping children cope /
_cMartha C. Grindler, Beverly D. Stratton, Michael C. McKenna.
260 _aNeedham Heights, MA :
_bAllyn & Bacon,
_c1997.
300 _avii p. ; 200 p. ; cm.
500 _aIncludes bibliographical references.
650 _aBibliotheraphy for children.
999 _c112927
_d112927